[Event "San Sebastian 1912"]
[Site "SchemingMind.com"]
[Date "2012.01.07"]
[Round "-"]
[White "Majoanis"]
[Black "Olli Ylönen"]
[Result "1-0"]
[WhiteCountry "CAN"]
[BlackCountry "FIN"]
[WhiteElo "1788"]
[WhiteRD "63"]
[BlackElo "1797"]
[BlackRD "52"]
[GameID "300589"]

1. e4 e5 2. Bc4 Nc6 3. Nf3 Nf6 4. d3 Be7 5. O-O O-O 6. a4 d6 7. c3 h6 8. a5 a6 9. Nbd2 Nh7 10. Re1 Ng5
11. Nxg5 Bxg5 12. Nf3 b6 13. Nxg5 hxg5 14. axb6 cxb6 15. Qh5 Qd7 16. Bxg5 Qg4 17. Qxg4 Bxg4 18. Rxa6 Rxa6 19. Bxa6 Ra8 20. Bb7
1-0

[Event "San Sebastian 1912"]
[Site "SchemingMind.com"]
[Date "2012.01.07"]
[Round "-"]
[White "Olli Ylönen"]
[Black "Majoanis"]
[Result "1/2-1/2"]
[WhiteCountry "FIN"]
[BlackCountry "CAN"]
[WhiteElo "1797"]
[WhiteRD "52"]
[BlackElo "1788"]
[BlackRD "63"]
[GameID "300594"]

1. e4 c6 2. d4 d5 3. exd5 cxd5 4. c4 Nf6 5. Nc3 Nc6 6. Bg5 Be6 7. a3 Qd7 8. Bxf6 gxf6 9. c5 Bg4 10. f3 Bf5
11. Bb5 e5 12. Nge2 O-O-O 13. O-O Bh6 14. Kh1 Rhg8 15. Bxc6 Qxc6 16. f4 e4 17. g3 Bg4 18. a4 Bf3+ 19. Rxf3 exf3 20. Nc1 f5
21. Nb5 Kb8 22. Nd6 Rxd6 23. cxd6 Qxd6 24. Qxf3 Bg7 25. Nb3 Qb6 26. Qxd5 Rd8 27. Qxf7 Bxd4 28. Nxd4 Qxd4 29. Qxf5 Qf2 30. Qe5+ Ka8
31. Qe4 a6 32. Qxh7 Rd2 33. Qh3 Qf3+=
1/2-1/2

[Event "San Sebastian 1912"]
[Site "SchemingMind.com"]
[Date "2012.01.12"]
[Round "-"]
[White "John Galvin"]
[Black "Michal Drus"]
[Result "1-0"]
[WhiteCountry "USA"]
[BlackCountry "POL"]
[WhiteElo "2311"]
[WhiteRD "57"]
[BlackElo "1640"]
[BlackRD "66"]
[GameID "301170"]

1. e4 c6 2. d4 d5 3. f3 e6 4. Nc3 Nf6 5. e5 Nh5 6. Be3 g6 7. Qd2 Bg7 8. g4 Qh4+ 9. Bf2 Qd8 10. gxh5 c5
11. h6 Bf8 12. dxc5 Nd7 13. O-O-O Bxc5 14. Bxc5 Nxc5 15. Ne4 Nxe4 16. fxe4 d4 17. Nf3 Bd7 18. Qf4 Qc8 19. Ng5 Rf8 20. Nxh7 Ba4
21. b3 Qc3 22. Nxf8 Qa1+ 23. Kd2 Qc3+ 24. Ke2 Bb5+ 25. Kf2 Qxc2+ 26. Rd2 d3 27. Rxc2 dxc2 28. Bxb5+ Kxf8 29. Qf6
1-0

[Event "San Sebastian 1912"]
[Site "SchemingMind.com"]
[Date "2012.01.13"]
[Round "-"]
[White "Michal Drus"]
[Black "John Galvin"]
[Result "0-1"]
[WhiteCountry "POL"]
[BlackCountry "USA"]
[WhiteElo "1640"]
[WhiteRD "66"]
[BlackElo "2311"]
[BlackRD "57"]
[GameID "301179"]

1. e4 c5 2. Nf3 e6 3. d4 cxd4 4. Nxd4 Nc6 5. Be3 Nf6 6. Nd2 d5 7. Bb5 Qc7 8. e5 Nd7 9. Qe2 Ndxe5 10. f4 Nd7
11. O-O-O Be7 12. f5 e5 13. Nxc6 bxc6 14. Ba4 Nb6 15. Bxb6 axb6 16. Nf3 Rxa4 17. Kb1 Re4 18. Qd3 Bxf5 19. a3 O-O 20. Nd2 Rd4
21. Qxf5 e4 22. Nb3 Rxd1+ 23. Rxd1 Qxh2 24. Nd4 Qd6 25. Rh1 h6 26. Qh5 Bf6 27. Nf5 Qe5 28. Nxh6+ gxh6
0-1

[Event "San Sebastian 1912"]
[Site "SchemingMind.com"]
[Date "2012.01.18"]
[Round "-"]
[White "eun77"]
[Black "miriskra"]
[Result "0-1"]
[WhiteCountry "ISR"]
[BlackCountry "WLS"]
[WhiteElo "1283"]
[WhiteRD "78"]
[BlackElo "1829"]
[BlackRD "64"]
[GameID "301252"]

1. d4 e6 2. e3 d5 3. Bd3 c5 4. dxc5 Bxc5 5. Bb5+ Nc6 6. Nf3 Ne7 7. O-O O-O 8. Bxc6 Nxc6 9. b3 Qe7 10. a4 b6
11. Ba3 Ba6 12. Bxc5 bxc5 13. Re1 c4 14. Nd4 Nxd4 15. exd4 cxb3 16. cxb3 Rab8 17. Nd2 Bd3 18. Nf3 Bf5 19. Ne5 Rfc8 20. Rc1 Rxc1
21. Qxc1 Rxb3 22. Qc8+ Qf8
0-1

[Event "San Sebastian 1912"]
[Site "SchemingMind.com"]
[Date "2012.01.18"]
[Round "-"]
[White "miriskra"]
[Black "eun77"]
[Result "1-0"]
[WhiteCountry "WLS"]
[BlackCountry "ISR"]
[WhiteElo "1780"]
[WhiteRD "74"]
[BlackElo "1263"]
[BlackRD "69"]
[GameID "301255"]

1. d4 d5 2. Nf3 e6 3. c4 dxc4 4. e4 Bb4+ 5. Nc3 Bxc3+ 6. bxc3 f6 7. Bxc4 Ne7 8. O-O b6 9. Ba3 O-O 10. Qe2 Re8
11. Rad1 a5 12. Rfe1
1-0

[Event "San Sebastian 1912"]
[Site "SchemingMind.com"]
[Date "2012.01.16"]
[Round "-"]
[White "Don71"]
[Black "lemme howdt"]
[Result "1-0"]
[WhiteCountry "NIR"]
[BlackCountry "USA"]
[WhiteElo "2108"]
[WhiteRD "101"]
[BlackElo "1598"]
[BlackRD "80"]
[GameID "301437"]

1. e4 e5 2. Nf3 Nc6 3. d4 exd4 4. Nxd4 Bc5 5. Nb3 Bb6 6. Nc3 d6 7. Bb5 Bd7 8. a4 a6 9. Bxc6 Bxc6 10. O-O Nf6
11. a5 Ba7 12. Nd4 Qd7 13. Bg5 O-O-O 14. Nxc6 Qxc6 15. Nd5 h6 16. Ne7+
1-0

[Event "San Sebastian 1912"]
[Site "SchemingMind.com"]
[Date "2012.01.16"]
[Round "-"]
[White "docjan"]
[Black "The Stonewall"]
[Result "1/2-1/2"]
[WhiteCountry "SWE"]
[BlackCountry "ENG"]
[WhiteElo "2353"]
[WhiteRD "62"]
[BlackElo "2263"]
[BlackRD "81"]
[GameID "301438"]

1. e4 e6 2. d4 d5 3. Nd2 Nf6 4. e5 Nfd7 5. Bd3 c5 6. c3 Nc6 7. Ne2 cxd4 8. cxd4 f6 9. Nf4 Nxd4 10. Qh5+ Ke7
11. exf6+ Nxf6 12. Ng6+ hxg6 13. Qxh8 Kf7 14. O-O e5 15. Nb3 Nxb3 16. axb3 Bf5 17. Bxf5 gxf5 18. Bg5 Bc5 19. Qh3 Qd7 20. Bxf6 Kxf6
21. Rfc1 Bd4 22. Qh4+ Kf7 23. Qh5+ Kf6 24. Rc2 Rc8 25. Rac1 Rxc2 26. Rxc2 e4 27. h4 Bb6 28. Qg5+ Kf7 29. Rc1 Qe6 30. Kf1 d4
31. h5 d3 32. g4 fxg4 33. Rc4 e3 34. Qf4+ Kg8 35. fxe3 Bxe3 36. Qxg4 Qf6+ 37. Kg2 Qf2+=
1/2-1/2

[Event "San Sebastian 1912"]
[Site "SchemingMind.com"]
[Date "2012.01.16"]
[Round "-"]
[White "lemme howdt"]
[Black "Don71"]
[Result "0-1"]
[WhiteCountry "USA"]
[BlackCountry "NIR"]
[WhiteElo "1598"]
[WhiteRD "80"]
[BlackElo "2108"]
[BlackRD "101"]
[GameID "301440"]

1. e4 e5 2. Nf3 Nc6 3. Bc4 Nf6 4. Nc3 Nxe4 5. Nxe4 d5 6. Bxd5 Qxd5 7. d3 Bg4 8. h3 Bh5 9. g4 Bg6 10. Nc3 Bb4
11. Bd2 Bxc3 12. Bxc3 h5 13. g5 h4 14. Qe2 Bh5
0-1

[Event "San Sebastian 1912"]
[Site "SchemingMind.com"]
[Date "2012.01.22"]
[Round "-"]
[White "THart"]
[Black "clario"]
[Result "0-1"]
[WhiteCountry "USA"]
[BlackCountry "RSA"]
[WhiteElo "1745"]
[WhiteRD "71"]
[BlackElo "2180"]
[BlackRD "73"]
[GameID "301487"]

1. d4 d5 2. Nf3 Nf6 3. e3 e6 4. Bd3 c5 5. c3 Nc6 6. O-O Bd6 7. Nbd2 O-O 8. e4 cxd4 9. cxd4 Nb4 10. Bb1 dxe4
11. Nxe4 Nxe4 12. Bxe4 f5 13. Bb1 Bd7 14. Re1 Nd5 15. Ng5 Qb6 16. Nf3 Rac8 17. Bc2 Bb4 18. Ne5 Bb5 19. Bd2 Qxd4 20. Bxb4 Qxb4
21. Bb3 Rfd8 22. Qh5 Be8 23. Qf3 Qh4 24. g3 Qh6 25. Nd3 Bh5 26. Qg2 Qf6 27. Bxd5 exd5 28. Nf4 Bf7 29. Rad1 Qxb2 30. Nxd5 Kh8
31. Ne3 f4 32. gxf4 Bxa2 33. Rxd8+ Rxd8 34. Qe4 a5 35. Qe7 Qf6 36. Qxf6 gxf6 37. Nf5 a4 38. Nh6 Bb3 39. Re7 a3
0-1

[Event "San Sebastian 1912"]
[Site "SchemingMind.com"]
[Date "2012.01.22"]
[Round "-"]
[White "clario"]
[Black "THart"]
[Result "1-0"]
[WhiteCountry "RSA"]
[BlackCountry "USA"]
[WhiteElo "2094"]
[WhiteRD "82"]
[BlackElo "1826"]
[BlackRD "75"]
[GameID "301494"]

1. d4 d6 2. c4 g6 3. Nc3 Bg7 4. e4 e5 5. d5 Nf6 6. Be2 O-O 7. Nf3 c5 8. Be3 b6 9. O-O Re8 10. a3 Ng4
11. Bg5 Bf6 12. Qc1 Bxg5 13. Nxg5 f6 14. Ne6 Bxe6 15. dxe6 Nxh2 16. Kxh2 Rxe6 17. Qd2 Nc6 18. Qd5 Qd7 19. Bg4
1-0

[Event "San Sebastian 1912"]
[Site "SchemingMind.com"]
[Date "2012.01.22"]
[Round "-"]
[White "emvarela"]
[Black "John Hamer"]
[Result "1/2-1/2"]
[WhiteCountry "ARG"]
[BlackCountry "ENG"]
[WhiteElo "1740"]
[WhiteRD "47"]
[BlackElo "1982"]
[BlackRD "64"]
[GameID "301666"]

1. e4 e5 2. Nf3 Nc6 3. Bb5 g6 4. c3 a6 5. Ba4 d6 6. d4 Bd7 7. O-O Bg7 8. d5 Nce7 9. Bxd7+ Qxd7 10. Be3 Nf6
11. Nbd2 Ng4 12. Qe2 O-O 13. h3 Nxe3 14. Qxe3 f5 15. Ng5 Bh6 16. Ndf3 fxe4 17. Qxe4 Rf4 18. Qe2 Nxd5 19. g3 Rf5 20. Ne4 Raf8
21. Nh4 R5f7 22. Kg2 g5 23. Qh5 Nf6 24. Nxf6+ Rxf6 25. f3 gxh4 26. Qxh4 Rg6 27. Qc4+ d5 28. Qb3 Bf4 29. g4 c6 30. c4 Qf7
31. cxd5 cxd5 32. Rad1 d4 33. h4 Qxb3 34. axb3 Rc6 35. Rf2 Be3=
1/2-1/2

[Event "San Sebastian 1912"]
[Site "SchemingMind.com"]
[Date "2012.01.22"]
[Round "-"]
[White "John Hamer"]
[Black "emvarela"]
[Result "1/2-1/2"]
[WhiteCountry "ENG"]
[BlackCountry "ARG"]
[WhiteElo "1968"]
[WhiteRD "70"]
[BlackElo "1778"]
[BlackRD "48"]
[GameID "301673"]

1. d4 Nf6 2. Nf3 d6 3. c4 c5 4. Nc3 cxd4 5. Nxd4 g6 6. e4 Nc6 7. Be2 Nxd4 8. Qxd4 Bg7 9. Be3 O-O 10. Qd2 Be6
11. O-O Rc8 12. b3 a6 13. Rac1 Qd7 14. Bd4 Qc6 15. Bf3 Qc7 16. Rfd1 Nd7 17. Nd5 Bxd5 18. cxd5 Qb8 19. Be3 Rxc1 20. Rxc1 Rc8
21. Bg4 Rxc1+ 22. Qxc1 Ne5 23. Be2=
1/2-1/2

[Event "San Sebastian 1912"]
[Site "SchemingMind.com"]
[Date "2012.01.20"]
[Round "-"]
[White "dadshane2000"]
[Black "Phillip Beckett"]
[Result "0-1"]
[WhiteCountry "USA"]
[BlackCountry "ENG"]
[WhiteElo "2088"]
[WhiteRD "92"]
[BlackElo "1593"]
[BlackRD "56"]
[GameID "301771"]

1. e4 e5 2. Nf3 Nc6 3. Bb5 a6 4. Ba4 Nf6 5. O-O Be7 6. Re1 b5 7. Bb3 O-O 8. c3 d5 9. exd5 Nxd5 10. Nxe5 Nxe5
11. Rxe5 Nf6 12. d4 Bd6 13. Re1 Ng4 14. h3 Qh4 15. Qf3 Nxf2 16. Re2 Ng4 17. Bf4 Nf6 18. Bxd6 cxd6 19. Nd2 Bd7 20. Rae1 d5
21. Bxd5 Nxd5 22. Qxd5 Be6 23. Rxe6 fxe6 24. Qxe6+ Kh8 25. Nf3 Qh5 26. Re5 Qe8 27. Qg4 Qf7 28. b3 Rae8 29. Qe4 Rxe5 30. Qxe5 Re8
31. Ng5 Qf8 32. Qg3 Qe7 33. Nf3 Qe3+ 34. Kh2 Rf8 35. c4 Qf4 36. cxb5 axb5 37. Qxf4 Rxf4 38. Kg3 Rf8 39. Kf2 Ra8
0-1

[Event "San Sebastian 1912"]
[Site "SchemingMind.com"]
[Date "2012.01.20"]
[Round "-"]
[White "Phillip Beckett"]
[Black "dadshane2000"]
[Result "0-1"]
[WhiteCountry "ENG"]
[BlackCountry "USA"]
[WhiteElo "1594"]
[WhiteRD "53"]
[BlackElo "2081"]
[BlackRD "91"]
[GameID "301773"]

1. e4 c5 2. Nf3 d6 3. d4 cxd4 4. Nxd4 Nf6 5. Nc3 a6 6. Bg5 e6 7. f4 Qb6 8. Nb3 Be7 9. Qf3 Nbd7 10. O-O-O Qc7
11. Bd3 b5 12. Rhe1 b4 13. Na4 Qc6 14. e5 Qxf3 15. gxf3 dxe5 16. fxe5 Nd5 17. Bxe7 Kxe7 18. Nac5 N7b6 19. Ne4 Bb7 20. Nd6 Bc6
21. Nd4 Bd7 22. Be4 Rab8 23. Bxd5 Nxd5 24. Ne2 a5 25. f4 f5 26. exf6+ Kxd6 27. f5 gxf6 28. fxe6 Bxe6 29. Nf4 Bf7 30. Re4 Kc5
31. Nxd5 Bxd5 32. Rf4 Rb6 33. Rf5 Rd6 34. Rdf1 Rf8 35. b3 Kc6 36. c4 bxc3 37. Kc2 Be4+
0-1

[Event "San Sebastian 1912"]
[Site "SchemingMind.com"]
[Date "2012.01.23"]
[Round "-"]
[White "chesshub"]
[Black "mmccaffe"]
[Result "1-0"]
[WhiteCountry "FRA"]
[BlackCountry "USA"]
[WhiteElo "2485"]
[WhiteRD "85"]
[BlackElo "1657"]
[BlackRD "71"]
[GameID "301927"]

1. e4 c5 2. Nf3 e6 3. d3 d6 4. g3 Nc6 5. Bg2 Qc7 6. Nc3 Nf6 7. O-O Be7 8. Ne1 a6 9. f4 O-O 10. Nf3 b5
11. e5 Nd7 12. a4 b4 13. exd6 Bxd6 14. Ne4 Be7 15. Qe2 Bb7 16. b3 Nf6 17. Be3 Nxe4 18. dxe4 Rad8 19. Rad1 Rxd1 20. Rxd1 Rd8
21. Rxd8+ Qxd8 22. e5 Qd7 23. Qd2 Qxd2 24. Nxd2 a5 25. Kf2 Nd8 26. Bxb7 Nxb7 27. Ke2 f5 28. Kd3 Kf8 29. Kc4 Ke8 30. Kb5
1-0

[Event "San Sebastian 1912"]
[Site "SchemingMind.com"]
[Date "2012.01.24"]
[Round "-"]
[White "reo"]
[Black "cnile"]
[Result "1-0"]
[WhiteCountry "THA"]
[BlackCountry "SCO"]
[WhiteElo "1707"]
[WhiteRD "107"]
[BlackElo "1454"]
[BlackRD "66"]
[GameID "302074"]

1. d4 e6 2. e4 d5 3. e5 c5 4. c3 Nc6 5. Nf3 Qb6 6. a3 Nge7 7. b4 cxd4 8. cxd4 Nf5 9. Bb2 Bd7 10. Be2 Rc8
11. O-O Be7 12. Qd2 h6 13. Rd1 Bf8 14. Bc3 Be7 15. b5 Nb8 16. Ba5
1-0

[Event "San Sebastian 1912"]
[Site "SchemingMind.com"]
[Date "2012.01.25"]
[Round "-"]
[White "cnile"]
[Black "reo"]
[Result "0-1"]
[WhiteCountry "SCO"]
[BlackCountry "THA"]
[WhiteElo "1437"]
[WhiteRD "64"]
[BlackElo "1734"]
[BlackRD "102"]
[GameID "302078"]

1. e4 c6 2. c4 d5 3. exd5 cxd5 4. cxd5 Nf6 5. Nc3 Nxd5 6. Bc4 Nb6 7. Bb3 Nc6 8. Nge2 Bf5 9. d4 e6 10. Bf4 Bb4
11. O-O a6 12. Re1 O-O 13. Rc1 Qe7 14. a3 Ba5 15. Ng3 Bg6 16. d5 Bxc3 17. d6 Qd7 18. Rxc3 Rfe8 19. Ne4 Bxe4 20. Rxe4 Rad8
21. Qg4 e5 22. Qxd7 Nxd7 23. Be3 Nf6 24. Rec4 Rxd6 25. f3 Nd4 26. Bxd4 exd4 27. Rd3 Red8 28. Rc7 R6d7 29. Rxd7 Rxd7 30. Kf2 g5
31. Kg3 Rd6 32. h4 h6 33. hxg5 hxg5 34. Kf2 Nh5 35. Rd1 Nf4 36. Kg3 Kg7 37. Rd2 f5 38. Rc2 Kf6 39. Rd2 Ke5 40. Bc2 d3
41. Bb3 Kd4 42. Bd1 Ke3 43. Rf2 Nh5+ 44. Kh2 Kxf2 45. Kh1 Re6 46. Bb3 Re1+ 47. Kh2 Ng3 48. Bd5 Rh1#
0-1

[Event "San Sebastian 1912"]
[Site "SchemingMind.com"]
[Date "2012.01.26"]
[Round "-"]
[White "brotherbear"]
[Black "e_safarz"]
[Result "0-1"]
[WhiteCountry "CAN"]
[BlackCountry "CAN"]
[WhiteElo "1617"]
[WhiteRD "124"]
[BlackElo "2411"]
[BlackRD "68"]
[GameID "302188"]

1. e4 e5 2. Nf3 Nc6 3. Bb5 a6 4. Ba4 Nf6 5. O-O Be7 6. Re1 b5 7. Bb3 O-O 8. c3 d6 9. h3 Nb8 10. d4 Nbd7
11. Nbd2 Bb7 12. Bc2 Re8 13. Nf1 Bf8 14. Ng3 g6 15. Bg5 h6 16. Bd2 c5 17. d5 c4 18. b4 a5 19. a4 axb4 20. cxb4 bxa4
21. Bxa4 Qc7 22. Qc2 Rec8 23. Re3 Nb6 24. Rc3 Bg7 25. Rca3 Nfxd5 26. exd5 e4 27. Nxe4 Nxa4
0-1

[Event "San Sebastian 1912"]
[Site "SchemingMind.com"]
[Date "2012.01.26"]
[Round "-"]
[White "e_safarz"]
[Black "brotherbear"]
[Result "1-0"]
[WhiteCountry "CAN"]
[BlackCountry "CAN"]
[WhiteElo "2411"]
[WhiteRD "68"]
[BlackElo "1617"]
[BlackRD "124"]
[GameID "302192"]

1. e4 Nf6 2. e5 Nd5 3. d4 d6 4. Nf3 Bg4 5. Be2 e6 6. O-O Be7 7. c4 Nb6 8. Nc3 O-O 9. Be3 d5 10. c5 Bxf3
11. gxf3 Nc8 12. b4 Bh4 13. f4 Ne7 14. Bd3 Ng6 15. f5 exf5 16. Bxf5 Nc6 17. Qh5 Nce7 18. Bh3 c6 19. f4 f5 20. a4 a5
21. b5 Qd7 22. Rfb1 Kh8 23. Kh1 Ng8 24. Rg1
1-0

[Event "San Sebastian 1912"]
[Site "SchemingMind.com"]
[Date "2012.01.27"]
[Round "-"]
[White "olavax"]
[Black "maro"]
[Result "1-0"]
[WhiteCountry "FRA"]
[BlackCountry "MEX"]
[WhiteElo "1591"]
[WhiteRD "72"]
[BlackElo "1368"]
[BlackRD "59"]
[GameID "302228"]

1. e4 e5 2. Nf3 Nc6 3. Bb5 Nge7 4. c3 a6 5. Ba4 d6 6. d4 Bd7 7. O-O Ng6 8. Bb3 Be6 9. d5 Bd7 10. dxc6 Bxc6
11. Bd5 Bxd5 12. exd5 Be7 13. Nbd2 O-O 14. Nb3 h6 15. h3 b5 16. Na5 Rb8 17. Nc6 Qc8 18. Nxb8 Qxb8 19. Nh2 Qb6 20. b4 Bh4
21. Ng4 h5 22. Nh2 e4 23. Qxh5 Bg3 24. Be3 Bxf2+ 25. Kxf2 Qb8 26. Kg1 Qe8 27. Ng4
1-0

[Event "San Sebastian 1912"]
[Site "SchemingMind.com"]
[Date "2012.01.27"]
[Round "-"]
[White "lennart"]
[Black "tyler_ensor"]
[Result "0-1"]
[WhiteCountry "SWE"]
[BlackCountry "CAN"]
[WhiteElo "1577"]
[WhiteRD "53"]
[BlackElo "1763"]
[BlackRD "80"]
[GameID "302229"]

1. e4 c5 2. d3 Nc6 3. Nc3 g6 4. Nd5 Bg7 5. c3 e6 6. Nf4 Nge7 7. Nf3 O-O 8. Be3 d6 9. d4 cxd4 10. cxd4 Bd7
11. Bc4 Rc8 12. Bb3 Na5 13. Bc2 Nc4 14. Bc1 Qc7 15. Ba4 Qa5+ 16. Nd2 Nxd2 17. Bxd2 Qxa4 18. b3 Qxd4 19. Qb1 Qxa1
0-1

[Event "San Sebastian 1912"]
[Site "SchemingMind.com"]
[Date "2012.01.28"]
[Round "-"]
[White "maro"]
[Black "olavax"]
[Result "0-1"]
[WhiteCountry "MEX"]
[BlackCountry "FRA"]
[WhiteElo "1368"]
[WhiteRD "59"]
[BlackElo "1591"]
[BlackRD "72"]
[GameID "302231"]

1. d4 d6 2. c4 e5 3. d5 Nd7 4. e4 Nc5 5. Nc3 Nf6 6. Qc2 Bd7 7. Be2 g6 8. Be3 Bg7 9. O-O-O c6 10. Bxc5 dxc5
11. Na4 Qa5 12. h3 O-O 13. g4 cxd5 14. cxd5 Bxa4 15. b3 Bb5 16. Bxb5 Qxb5 17. Nf3 Nd7 18. a4 Qb4 19. Rd2 Rac8 20. Rhd1 c4
21. Qb2 c3 22. Qa2 cxd2+ 23. Kb1 Qxe4+ 24. Ka1 Rc1+
0-1

[Event "San Sebastian 1912"]
[Site "SchemingMind.com"]
[Date "2012.01.27"]
[Round "-"]
[White "tyler_ensor"]
[Black "lennart"]
[Result "1-0"]
[WhiteCountry "CAN"]
[BlackCountry "SWE"]
[WhiteElo "1838"]
[WhiteRD "77"]
[BlackElo "1543"]
[BlackRD "55"]
[GameID "302232"]

1. Nf3 Nf6 2. g3 e5 3. Nxe5 d6 4. Nd3 Bd7 5. Bg2 Bc6 6. O-O Be7 7. b3 Bxg2 8. Kxg2 Qd7 9. Bb2 Nh5 10. e3 O-O
11. Qxh5 c5 12. Nc3 Bf6 13. Ne4 Bxb2 14. Nxb2 Nc6 15. Rh1 Rae8 16. Ng5 h6 17. h4 Ne5 18. Nf3 Qc6 19. Nc4 g6 20. Nxe5 Rxe5
21. Qxh6 Rf5 22. Kg1 Qxf3 23. Rf1 Re8 24. h5 gxh5 25. Qxd6 Re6 26. Qb8+ Kg7 27. Rh4 Rg6 28. Rf4 h4 29. Rxf3 Rxf3 30. Qxb7 Rf5
31. Qe4 Rh5 32. Qxg6+ Kxg6 33. gxh4 Rxh4 34. f4 f5 35. Rf2 Kf6 36. Rh2
1-0

[Event "San Sebastian 1912"]
[Site "SchemingMind.com"]
[Date "2012.03.13"]
[Round "-"]
[White "John Galvin"]
[Black "e_safarz"]
[Result "1/2-1/2"]
[WhiteCountry "USA"]
[BlackCountry "CAN"]
[WhiteElo "2307"]
[WhiteRD "55"]
[BlackElo "2443"]
[BlackRD "66"]
[GameID "305204"]

1. e4 e5 2. Nf3 Nc6 3. d4 exd4 4. c3 dxc3 5. Nxc3 Nf6 6. Bc4 d6 7. Ng5 Ne5 8. Bb3 h6 9. f4 hxg5 10. fxe5 Bg4
11. Ba4+ c6 12. Qb3 dxe5 13. Qxb7 Rb8 14. Qxa7 Bb4 15. Bxc6+ Bd7 16. Bxd7+ Nxd7 17. Qf2 Qf6 18. Be3 Qxf2+ 19. Bxf2 Rh6 20. O-O Bxc3
21. bxc3 Ra6 22. c4 Rc8 23. Rfc1 Nf6 24. Bg3 Re6 25. a4 Nxe4 26. Be1 Kd7 27. Rd1+ Rd6 28. a5 Rxd1 29. Rxd1+ Kc6 30. Kf1= Nd6
31. Bf2 f6 32. a6 Nxc4 33. Rc1 Kd5 34. a7 Ra8 35. Ke2 e4 36. Rd1+ Kc6 37. Rd4 Nd6 38. Ra4 Nb5 39. Kf1 Nd6=
1/2-1/2

[Event "San Sebastian 1912"]
[Site "SchemingMind.com"]
[Date "2012.03.13"]
[Round "-"]
[White "e_safarz"]
[Black "John Galvin"]
[Result "1/2-1/2"]
[WhiteCountry "CAN"]
[BlackCountry "USA"]
[WhiteElo "2453"]
[WhiteRD "62"]
[BlackElo "2325"]
[BlackRD "59"]
[GameID "305213"]

1. e4 c5 2. Nf3 d6 3. d4 cxd4 4. Nxd4 Nf6 5. Nc3 a6 6. Bg5 Nbd7 7. f4 Qc7 8. Qf3 h6 9. Bxf6 Nxf6 10. f5 Qc5
11. O-O-O g5 12. fxg6 Bg4 13. gxf7+ Kxf7 14. Qd3 Bxd1 15. Nxd1 Bg7 16. g3 Nxe4 17. Qxe4 Bxd4 18. Bd3 Ke8 19. c3 Bf6 20. Qxb7 Ra7
21. Qe4 d5 22. Qf5 Rc7 23. Bxa6 d4 24. Qxc5 Rxc5 25. b4 Re5 26. Bd3 dxc3= 27. Nxc3 e6 28. Ne4 Bg7 29. Kc2 Ke7 30. Re1 Rc8+
31. Kb3 Rd8 32. Bc2 Rf5 33. Re3 Bd4 34. Rd3 Re5 35. Rd2 Rf5 36. a4 Rf3+ 37. Kc4 Bg1 38. Rxd8 Kxd8 39. h3 Bh2 40. Nc5 Rxg3
41. Nxe6+ Ke7 42. Bf5 h5 43. a5 Bg1 44. Nf4 Rf3= 45. Nd5+ Kd6 46. Bc8 Rf8 47. Bb7 Rf3 48. b5 Rxh3 49. b6 Ra3 50. a6 Bxb6
51. Nxb6 h4 52. Kb4 Ra1 53. Kb5 h3 54. Bf3 Kc7 55. Nd5+ Kd6 56. Nb6=
1/2-1/2

[Event "San Sebastian 1912"]
[Site "SchemingMind.com"]
[Date "2012.04.03"]
[Round "-"]
[White "Brian Acebo"]
[Black "reo"]
[Result "0-1"]
[WhiteCountry "USA"]
[BlackCountry "THA"]
[WhiteElo "1693"]
[WhiteRD "94"]
[BlackElo "1834"]
[BlackRD "85"]
[GameID "306938"]

1. e4 e6 2. d4 d5 3. Nc3 Bb4 4. e5 c5 5. a3 Ba5 6. Be3 Bxc3+ 7. bxc3 c4 8. Nf3 Ne7 9. Be2 Bd7 10. O-O Nbc6
11. Bg5 h6 12. Bh4 g5 13. Bg3 Nf5 14. Rb1 b6 15. Qe1 Qe7 16. Ra1 a5 17. h3 Na7 18. Bh2 Ba4 19. Qd2 O-O-O 20. Rfb1 b5
21. Rb2 Rdg8 22. Ne1 h5 23. f3 Nc6 24. Bf1 g4 25. fxg4 hxg4 26. hxg4 Rxg4 27. Be2 Rgh4 28. Nf3 R4h7 29. Rbb1 Nh4 30. Nxh4 Qxh4
31. Bf4 Rg8 32. Bf3 Ne7 33. Kf1 Ng6 34. Bg5 Qg3 35. Ke2 Bxc2 36. Rxb5 Bd3+
0-1

[Event "San Sebastian 1912"]
[Site "SchemingMind.com"]
[Date "2012.03.31"]
[Round "-"]
[White "reo"]
[Black "Brian Acebo"]
[Result "1-0"]
[WhiteCountry "THA"]
[BlackCountry "USA"]
[WhiteElo "1858"]
[WhiteRD "86"]
[BlackElo "1688"]
[BlackRD "88"]
[GameID "306943"]

1. d4 d5 2. c4 Nf6 3. e3 e6 4. Nf3 Be7 5. a3 O-O 6. b4 c6 7. Nbd2 dxc4 8. Bxc4 b5 9. Bd3 a5 10. bxa5 Qxa5
11. Bb2 Nbd7 12. Qc2 Bb7 13. O-O Qb6 14. Rfb1 Qc7 15. Bxb5 Rac8 16. Be2 c5 17. Rc1 Nd5 18. a4 cxd4 19. Qxc7 Rxc7 20. Rxc7 Nxc7
21. Bxd4 Ra8 22. Ne5 Nxe5 23. Bxe5 Nd5 24. a5 Ba6 25. Bxa6 Rxa6 26. Nc4 Bb4 27. e4 Ne7 28. Kf1 Nc6 29. Bc7 Kf8 30. Ke2 Ke7
31. Kd3 Kd7 32. Bb6 e5 33. Kc2 Be7 34. Kb3 Nb8 35. Rc1 f6 36. Ka4 Ra8 37. Ne3 g6 38. Nd5 Na6 39. Nc7 Nxc7 40. Rxc7+ Kd6
41. Kb5 h5 42. a6 Bd8 43. Rb7 Bxb6 44. Kxb6
1-0

[Event "San Sebastian 1912"]
[Site "SchemingMind.com"]
[Date "2012.05.14"]
[Round "-"]
[White "tyler_ensor"]
[Black "miriskra"]
[Result "1/2-1/2"]
[WhiteCountry "CAN"]
[BlackCountry "WLS"]
[WhiteElo "1835"]
[WhiteRD "72"]
[BlackElo "1798"]
[BlackRD "65"]
[GameID "310246"]

1. b3 d5 2. Bb2 c5 3. e3 Nc6 4. Bb5 Bd7 5. f4 a6 6. Be2 Nf6 7. Nf3 g6 8. O-O Bg7 9. Qe1 O-O 10. Nc3 Re8
11. Nd1 Ne4 12. Bxg7 Kxg7 13. Nf2 Nxf2 14. Qxf2 e5 15. fxe5 Bf5 16. d3 Nxe5 17. Nxe5 Rxe5 18. g4 Be6 19. Qf4 Qg5 20. Qxg5 Rxg5
21. Rf4 Re5 22. e4=
1/2-1/2

[Event "San Sebastian 1912"]
[Site "SchemingMind.com"]
[Date "2012.05.14"]
[Round "-"]
[White "miriskra"]
[Black "tyler_ensor"]
[Result "0-1"]
[WhiteCountry "WLS"]
[BlackCountry "CAN"]
[WhiteElo "1781"]
[WhiteRD "69"]
[BlackElo "1962"]
[BlackRD "76"]
[GameID "310254"]

1. d4 e6 2. c4 d5 3. Nc3 Nf6 4. Bg5 Nbd7 5. Nf3 Be7 6. e3 O-O 7. Qc2 c6 8. O-O-O Re8 9. Bd3 dxc4 10. Bxc4 Nd5
11. h4 f6 12. Bf4 Nxf4 13. exf4 Nf8 14. Rhe1 Bd6 15. g3 Bd7 16. Kb1 Re7 17. Ne4 Bb4 18. Re2 Qc7 19. a3 Bd6 20. Nxd6 Qxd6
21. Rde1 Rae8 22. Qb3 Bc8 23. f5 Kh8 24. fxe6 Nxe6 25. d5 Nc5 26. Rxe7 Rxe7 27. Rxe7 Qxe7 28. Qb4 Bf5+ 29. Ka2 Be4 30. Nd2 Bxd5
31. Bxd5 cxd5 32. Nb3 b6 33. Qf4 Kg8 34. Nd4 Qe5 35. Qg4 h5 36. Qc8+ Kh7 37. Nc6 Qe4 38. Qf8 Qc4+ 39. Kb1 Nd3
0-1

[Event "San Sebastian 1912"]
[Site "SchemingMind.com"]
[Date "2012.06.18"]
[Round "-"]
[White "olavax"]
[Black "docjan"]
[Result "0-1"]
[WhiteCountry "FRA"]
[BlackCountry "SWE"]
[WhiteElo "1585"]
[WhiteRD "79"]
[BlackElo "2317"]
[BlackRD "62"]
[GameID "312201"]

1. e4 e5 2. Nf3 Nc6 3. Bc4 Nf6 4. O-O Bc5 5. Nc3 O-O 6. d3 h6 7. Ne2 d5 8. exd5 Nxd5 9. Ng3 Be6 10. c3 a6
11. Bb3 Re8 12. Ne4 Ba7 13. Nxe5 Nxe5
0-1

[Event "San Sebastian 1912"]
[Site "SchemingMind.com"]
[Date "2012.06.18"]
[Round "-"]
[White "docjan"]
[Black "olavax"]
[Result "1-0"]
[WhiteCountry "SWE"]
[BlackCountry "FRA"]
[WhiteElo "2317"]
[WhiteRD "62"]
[BlackElo "1585"]
[BlackRD "79"]
[GameID "312205"]

1. d4 d5 2. c4 dxc4 3. Nf3 Nf6 4. Nc3 Bf5 5. Ne5 g6 6. f3 Be6 7. e4 c6 8. Bxc4 Bxc4 9. Nxc4 Bg7 10. Be3 e6
11. e5 Nd5 12. Nd6+
1-0